[Event "VI Scaccomatto A"]
[Site "Torino ITA"]
[Date "2008.12.01"]
[Round "1"]
[White "Ljubisavljevic, Zivojin Z."]
[Black "Dgebuadze, Alexandre"]
[Result "0-1"]
[WhiteElo "2248"]
[BlackElo "2544"]
[PlyCount "78"]
[EventDate "2008.12.01"]

1. e4 e6 2. d4 d5 3. Nc3 Bb4 4. e5 Ne7 5. a3 Bxc3+ 6. bxc3 c5 7. Qg4 O-O 8. Nf3
f5 9. exf6 Rxf6 10. Ne5 Nbc6 11. Bd3 c4 12. Bg5 Nxe5 13. dxe5 Rf7 14. Be2 Qa5
15. Bd2 Bd7 16. O-O Raf8 17. f4 d4 18. Qh3 Nf5 19. Kh1 Qa4 20. Bd1 Qa6 21. Rb1
Ba4 22. Rb4 d3 23. cxd3 Bxd1 24. Rxd1 cxd3 25. a4 Qc6 26. Rf1 a5 27. Rb5 Qe4
28. Qf3 Qc4 29. Rxa5 Ne7 30. Qf2 Nc6 31. Rc5 Qxa4 32. Qe3 b6 33. Rxc6 Qxc6 34.
Qxd3 Rd7 35. Qe2 Rfd8 36. Be1 Rd1 37. f5 exf5 38. e6 Qe4 39. Qa2 Kh8 0-1

[Event "VI Scaccomatto A"]
[Site "Torino ITA"]
[Date "2008.12.01"]
[Round "1"]
[White "Parodi, Alessandro"]
[Black "Midoux, Sebastien"]
[Result "1/2-1/2"]
[WhiteElo "2074"]
[BlackElo "2346"]
[PlyCount "106"]
[EventDate "2008.12.01"]

1. d4 d6 2. c4 f5 3. Nf3 Nf6 4. g3 g6 5. Bg2 Bg7 6. O-O O-O 7. b3 a5 8. Bb2 c6
9. Na3 Ne4 10. Nc2 Nd7 11. Nce1 a4 12. Rc1 a3 13. Ba1 e5 14. Nd3 Qe7 15. c5
exd4 16. cxd6 Qxd6 17. Nf4 Nb6 18. Bxd4 Bxd4 19. Qxd4 Qxd4 20. Nxd4 Re8 21.
Rfd1 Bd7 22. Nd3 Re7 23. Nc5 Nxc5 24. Rxc5 Be8 25. e3 Bf7 26. Rd2 Rd7 27. Kf1
Nd5 28. Bxd5 Bxd5 29. h4 Rad8 30. Ke1 Be4 31. b4 Ra8 32. b5 cxb5 33. Rxb5 Rc7
34. f3 Bc6 35. Nxc6 bxc6 36. Rc5 Ra6 37. h5 Rb7 38. hxg6 hxg6 39. Rdc2 Rbb6 40.
Ke2 Kf7 41. Kd3 Ke7 42. e4 Kf6 43. exf5 gxf5 44. g4 fxg4 45. fxg4 Ke6 46. g5
Kd6 47. Ke4 Rb2 48. g6 Ke7 49. Ke5 Kf8 50. Kf6 Kg8 51. Rxc6 Rxc6+ 52. Rxc6 Rf2+
53. Kg5 Rxa2 1/2-1/2

[Event "VI Scaccomatto A"]
[Site "Torino ITA"]
[Date "2008.12.01"]
[Round "1"]
[White "Saccona, Silvano"]
[Black "Naumkin, Igor"]
[Result "1-0"]
[WhiteElo "2172"]
[BlackElo "2506"]
[PlyCount "83"]
[EventDate "2008.12.01"]

1. d4 e6 2. Nf3 f5 3. g3 Nf6 4. Bg2 Be7 5. c4 O-O 6. Nc3 d6 7. Qc2 Nc6 8. a3 e5
9. d5 Nb8 10. O-O Qe8 11. e4 Qh5 12. h4 h6 13. Nh2 fxe4 14. Nxe4 Bf5 15. Nxf6+
Rxf6 16. Qb3 Nd7 17. Qxb7 Raf8 18. Be3 e4 19. Qxc7 g5 20. f3 exf3 21. Bxf3 Qf7
22. g4 Bd8 23. Qxa7 Bd3 24. hxg5 hxg5 25. Rf2 Bxc4 26. Rc1 Bd3 27. Rc8 Qh7 28.
Bg2 Rxf2 29. Bxf2 Qe7 30. Qe3 Ne5 31. Rc3 Bg6 32. Bg3 Qb7 33. Rb3 Qc7 34. Nf3
Nc4 35. Qe6+ Bf7 36. Qh6 Qe7 37. Nd4 Ne3 38. Ne6 Bxe6 39. Qxe6+ Qxe6 40. dxe6
Nxg4 41. Bxd6 Re8 42. Bc6 1-0

[Event "VI Scaccomatto A"]
[Site "Torino ITA"]
[Date "2008.12.02"]
[Round "2"]
[White "Borgo, Giulio"]
[Black "Fierro Baquero, Martha Lorena"]
[Result "1/2-1/2"]
[WhiteElo "2426"]
[BlackElo "2361"]
[PlyCount "83"]
[EventDate "2008.12.01"]

1. e4 c5 2. Nf3 g6 3. c4 Nc6 4. d4 cxd4 5. Nxd4 Nf6 6. Nc3 Nxd4 7. Qxd4 d6 8.
Bg5 Bg7 9. Qd2 Be6 10. Rc1 Rc8 11. b3 Qa5 12. f3 a6 13. Be2 O-O 14. O-O Rfe8
15. Rc2 Nd7 16. Rfc1 Ne5 17. Be3 f5 18. f4 Ng4 19. Bxg4 fxg4 20. Bd4 Bxd4+ 21.
Qxd4 Qc5 22. Qxc5 Rxc5 23. Nd1 Rf8 24. g3 h5 25. Ne3 Kf7 26. a4 Rfc8 27. Kf2
Rh8 28. Rc3 h4 29. Kg2 Rch5 30. Nf1 Bd7 31. Kg1 Bc6 32. Re1 g5 33. fxg5 Rxg5
34. gxh4 Rxh4 35. Ng3 e6 36. Rd3 Ke7 37. Red1 Rg7 38. Rxd6 Rf7 39. R6d2 Rf4 40.
Re1 Rf3 41. Rb2 Kd6 42. b4 1/2-1/2

[Event "VI Scaccomatto A"]
[Site "Torino ITA"]
[Date "2008.12.02"]
[Round "2"]
[White "Green, Andrew D."]
[Black "Sarno, Spartaco"]
[Result "0-1"]
[WhiteElo "2102"]
[BlackElo "2336"]
[PlyCount "42"]
[EventDate "2008.12.01"]

1. e4 d6 2. d4 Nf6 3. Nc3 g6 4. Be3 Bg7 5. Qd2 O-O 6. f3 c6 7. g4 b5 8. O-O-O
Qa5 9. Kb1 Re8 10. h4 h5 11. g5 Nfd7 12. f4 Nb6 13. Qf2 Bg4 14. Re1 N8d7 15.
Nf3 Na4 16. Nh2 Nxc3+ 17. bxc3 Be6 18. f5 Bxa2+ 19. Kb2 b4 20. cxb4 Qxb4+ 21.
Kxa2 Rab8 0-1

[Event "VI Scaccomatto A"]
[Site "Torino ITA"]
[Date "2008.12.02"]
[Round "2"]
[White "Mogranzini, Roberto"]
[Black "Vernay, Clovis"]
[Result "1-0"]
[WhiteElo "2415"]
[BlackElo "2341"]
[PlyCount "57"]
[EventDate "2008.12.01"]

1. e4 e6 2. d4 d5 3. Nd2 Nf6 4. e5 Nfd7 5. Bd3 c5 6. c3 Nc6 7. Ne2 cxd4 8. cxd4
f6 9. Nf4 Nxd4 10. Qh5+ Ke7 11. Ng6+ hxg6 12. exf6+ Nxf6 13. Qxh8 Kf7 14. O-O
e5 15. Nb3 Nxb3 16. axb3 e4 17. Be2 Qb6 18. Be3 Qxb3 19. Bd4 Bd7 20. Qh4 Qc2
21. Rfe1 Rc8 22. Qg5 Bb4 23. Rac1 Bxe1 24. Rxc2 Rxc2 25. Bxf6 Rxe2 26. Bd4 Bc6
27. Qf4+ Ke8 28. Qe5+ Kd8 29. Kf1 1-0

[Event "VI Scaccomatto A"]
[Site "Torino ITA"]
[Date "2008.12.02"]
[Round "2"]
[White "Vezzosi, Paolo"]
[Black "Skembris, Spyridon"]
[Result "1/2-1/2"]
[WhiteElo "2337"]
[BlackElo "2422"]
[PlyCount "68"]
[EventDate "2008.12.01"]

1. d4 Nf6 2. c4 e6 3. Nf3 Bb4+ 4. Bd2 c5 5. Bxb4 cxb4 6. a3 Na6 7. Qa4 Qe7 8.
c5 bxa3 9. Nxa3 O-O 10. e3 Nc7 11. Nb5 Nxb5 12. Bxb5 d6 13. b4 Nd5 14. Qb3 Nc7
15. Bd3 Bd7 16. O-O Bc6 17. e4 Bb5 18. Rfc1 Bxd3 19. Qxd3 Rfd8 20. c6 bxc6 21.
Rxc6 Rdb8 22. Qc4 Ne8 23. h3 h6 24. b5 Rb7 25. b6 Rab8 26. bxa7 Rxa7 27. Rc1
Qf6 28. e5 Qf4 29. Qd3 dxe5 30. dxe5 Ra4 31. g3 Qe4 32. Qxe4 Rxe4 33. Rc8 Rxc8
34. Rxc8 Kf8 1/2-1/2

[Event "VI Scaccomatto A"]
[Site "Torino ITA"]
[Date "2008.12.02"]
[Round "2"]
[White "Vocaturo, Daniele"]
[Black "Saccona, Silvano"]
[Result "1-0"]
[WhiteElo "2383"]
[BlackElo "2172"]
[PlyCount "41"]
[EventDate "2008.12.01"]

1. e4 c6 2. c4 d5 3. exd5 cxd5 4. cxd5 Qxd5 5. Nc3 Qa5 6. d4 Nf6 7. Nf3 Bg4 8.
h3 Bxf3 9. Qxf3 Qb6 10. Bb5+ Nbd7 11. Bg5 h6 12. Bxf6 gxf6 13. O-O O-O-O 14. a4
a6 15. a5 Qd6 16. Ne4 Qb4 17. Bxd7+ Rxd7 18. Qg3 Rxd4 19. Rac1+ Rc4 20. Nd6+
exd6 21. Qg4+ 1-0

[Event "VI Scaccomatto A"]
[Site "Torino ITA"]
[Date "2008.12.03"]
[Round "3"]
[White "Benitah, Yohan"]
[Black "Vezzosi, Paolo"]
[Result "1-0"]
[WhiteElo "2428"]
[BlackElo "2337"]
[PlyCount "63"]
[EventDate "2008.12.01"]

1. d4 Nf6 2. c4 e6 3. Nc3 Bb4 4. Qc2 O-O 5. Nf3 b6 6. e4 d5 7. e5 Ne4 8. Bd3
Bb7 9. O-O Bxc3 10. bxc3 c5 11. Rb1 Nd7 12. Ne1 cxd4 13. cxd4 f5 14. c5 h6 15.
Ba3 Rf7 16. f3 Ng5 17. Be2 Qc8 18. c6 Bxc6 19. Rc1 Bb7 20. Qxc8+ Rxc8 21. Rxc8+
Bxc8 22. Nd3 Ba6 23. Nf4 Bxe2 24. Nxe2 Nh7 25. Rc1 g5 26. Rc6 Nhf8 27. Nc3 Kh7
28. Rc7 Kg6 29. Rxa7 Nb8 30. Ra8 Nfd7 31. Nb5 Nc6 32. Re8 1-0

[Event "VI Scaccomatto A"]
[Site "Torino ITA"]
[Date "2008.12.03"]
[Round "3"]
[White "Hera, Imre jr"]
[Black "Foisor, Cristina-Adela"]
[Result "1/2-1/2"]
[WhiteElo "2530"]
[BlackElo "2365"]
[PlyCount "69"]
[EventDate "2008.12.01"]

1. d4 Nf6 2. c4 g6 3. Nc3 Bg7 4. e4 d6 5. Be2 O-O 6. Nf3 Bg4 7. Be3 Nc6 8. d5
Bxf3 9. Bxf3 Ne5 10. Be2 c6 11. O-O Ned7 12. Qd2 Qa5 13. Rab1 Rfc8 14. b4 Qd8
15. f3 cxd5 16. Nxd5 Nxd5 17. exd5 a5 18. a3 axb4 19. axb4 Ra3 20. Rfc1 b6 21.
f4 Rc7 22. Bg4 f5 23. Bf3 Qf8 24. Rc2 Qf6 25. Rbc1 h5 26. Bf2 Rca7 27. Qe1 Ra1
28. h3 Rxc1 29. Rxc1 Ra1 30. Rd1 Kf8 31. Kh2 Rxd1 32. Bxd1 Qa1 33. Qe6 Qxd1 34.
Qxd7 Bd4 35. Qc8+ 1/2-1/2

[Event "VI Scaccomatto A"]
[Site "Torino ITA"]
[Date "2008.12.03"]
[Round "3"]
[White "Mrdja, Milan"]
[Black "Dgebuadze, Alexandre"]
[Result "1-0"]
[WhiteElo "2401"]
[BlackElo "2544"]
[PlyCount "121"]
[EventDate "2008.12.01"]

1. e4 e6 2. d4 d5 3. Nc3 Bb4 4. e5 Ne7 5. a3 Bxc3+ 6. bxc3 c5 7. Qg4 O-O 8. Bd3
Nbc6 9. Bg5 Qa5 10. Ne2 Ng6 11. O-O Qa4 12. f4 c4 13. Bxg6 fxg6 14. Ra2 Bd7 15.
Bh4 Qa6 16. Rb1 Rab8 17. Qg3 b5 18. Raa1 Rb6 19. Qe1 Rfb8 20. h3 Qc8 21. Kh2
Qf8 22. Qd2 Ra6 23. Qc1 h6 24. Kg1 Ra4 25. Kh2 Be8 26. Kg1 Rb6 27. Kh2 Kh7 28.
Kg1 Ra5 29. Kh2 Rba6 30. Rb4 Kg8 31. Be1 Qe7 32. Bd2 Kh7 33. Be3 Qf8 34. Bd2
Kg8 35. Be1 Kf7 36. Bh4 Bd7 37. Qb2 Rb6 38. g4 Kg8 39. Qc1 Nxb4 40. cxb4 Raa6
41. Qe3 Rc6 42. Be1 Rc8 43. Kg3 Qf7 44. Ng1 Rf8 45. Nf3 g5 46. fxg5 hxg5 47.
Nxg5 Qg6 48. Ra2 Be8 49. h4 Qh6 50. Bd2 Qh8 51. Qe2 Bg6 52. Be3 Be4 53. h5 Re8
54. Ra1 Bh7 55. Rf1 Rxa3 56. Qf3 Rxe3 57. Qxe3 Bxc2 58. Qf3 Bf5 59. gxf5 Qh6
60. Kg4 Rf8 61. Qd1 1-0

[Event "VI Scaccomatto A"]
[Site "Torino ITA"]
[Date "2008.12.03"]
[Round "3"]
[White "Vocaturo, Daniele"]
[Black "Mogranzini, Roberto"]
[Result "1-0"]
[WhiteElo "2383"]
[BlackElo "2415"]
[PlyCount "197"]
[EventDate "2008.12.01"]

1. e4 c5 2. Nf3 d6 3. d4 cxd4 4. Nxd4 Nf6 5. Nc3 a6 6. Bg5 e6 7. f4 Be7 8. Qf3
Qc7 9. O-O-O Nbd7 10. Bd3 h6 11. Bh4 g5 12. fxg5 Ne5 13. Qe2 Nfg4 14. Nf3 hxg5
15. Bxg5 Bxg5+ 16. Nxg5 Qc5 17. Nh3 Bd7 18. Kb1 Bc6 19. Rde1 O-O-O 20. Nd1 Rdg8
21. Qd2 Qd4 22. Re2 Rh4 23. Qc3 Qb6 24. Qe1 Rhh8 25. a3 Qd4 26. Qc3 Qb6 27. b3
Kb8 28. Nb2 Rh4 29. Nc4 Nxc4 30. Bxc4 Ne5 31. Bd3 f5 32. Rhe1 f4 33. Rd2 f3 34.
Bf1 Rxe4 35. Rxd6 Rxe1+ 36. Qxe1 Qc5 37. Rxe6 fxg2 38. Bxg2 Nd3 39. cxd3 Rxg2
40. Qe5+ Qxe5 41. Rxe5 Rxh2 42. Nf4 Rf2 43. Ne2 Bf3 44. Nd4 Bg4 45. Rc5 Bd7 46.
a4 b6 47. Rc3 Kb7 48. Nc2 Bf5 49. Kc1 Bg6 50. Ne3 Bf7 51. Ng4 Rg2 52. Ne5 Bd5
53. Nc4 Rg6 54. Kb2 Rh6 55. Ka3 a5 56. Ne3 Bf7 57. Nf5 Rf6 58. Nd4 Bd5 59. Kb2
Rf2+ 60. Rc2 Rf7 61. Rh2 Rd7 62. Kc3 Rc7+ 63. Kd2 Rd7 64. Ke3 Re7+ 65. Kf4 Re1
66. Rh5 Bg2 67. Rg5 Bh3 68. Rg7+ Kc8 69. Nb5 Be6 70. Rc7+ Kd8 71. Rc3 Kd7 72.
Na3 Kd6 73. Nc2 Rb1 74. Nd4 Bd7 75. Ke3 Re1+ 76. Kd2 Rh1 77. Rc4 Rb1 78. Kc2
Rh1 79. Nb5+ Ke7 80. Re4+ Kd8 81. Na3 Kc7 82. Re7 Rh5 83. Rg7 Kd8 84. Kc3 Rc5+
85. Nc4 Be6 86. Kd4 Bxc4 87. bxc4 Kc8 88. Ke4 Rh5 89. d4 Kb8 90. Re7 Kc8 91.
Re5 Rh7 92. Kd5 Kc7 93. c5 Rg7 94. Kc4 Rg1 95. Re7+ Kd8 96. Ra7 Rb1 97. cxb6
Rb4+ 98. Kc5 Rxa4 99. Ra8+ 1-0

[Event "VI Scaccomatto A"]
[Site "Torino ITA"]
[Date "2008.12.04"]
[Round "4"]
[White "Benitah, Yohan"]
[Black "Mrdja, Milan"]
[Result "0-1"]
[WhiteElo "2428"]
[BlackElo "2401"]
[PlyCount "69"]
[EventDate "2008.12.01"]

1. d4 d6 2. e4 Nf6 3. f3 g6 4. c4 Bg7 5. Nc3 O-O 6. Bg5 h6 7. Be3 b6 8. Nge2 a6
9. Ng3 c5 10. d5 e6 11. a4 exd5 12. cxd5 Re8 13. Be2 h5 14. O-O Nbd7 15. Nh1
Nh7 16. Nf2 f5 17. Qd2 Ne5 18. h3 h4 19. Rae1 Bd7 20. b3 Qf6 21. Nb1 b5 22. f4
Nf7 23. e5 dxe5 24. fxe5 Qxe5 25. Bxc5 bxa4 26. bxa4 Qg3 27. Nd3 Nhg5 28. Qa2
Ne5 29. Qa3 Nc4 30. Qb4 Ne3 31. Bxe3 Qxe3+ 32. Kh1 Ne4 33. Rf3 Qg5 34. Bd1 Rab8
35. Kh2 0-1

[Event "VI Scaccomatto A"]
[Site "Torino ITA"]
[Date "2008.12.04"]
[Round "4"]
[White "Codenotti, Marco"]
[Black "Faraoni, Enrico"]
[Result "0-1"]
[WhiteElo "2051"]
[BlackElo "2117"]
[PlyCount "62"]
[EventDate "2008.12.01"]

1. e4 g5 2. d4 h6 3. Nc3 Bg7 4. Bc4 c5 5. Be3 Nc6 6. Nge2 Na5 7. Bb3 c4 8. Ba4
a6 9. b4 b5 10. bxa5 Qxa5 11. Bd2 Qd8 12. Nxb5 axb5 13. Bxb5 Bb7 14. f3 Qc8 15.
Bc3 g4 16. d5 Bxc3+ 17. Nxc3 Qc5 18. Qd2 Ra3 19. Rb1 gxf3 20. gxf3 Nf6 21.
Bxd7+ Nxd7 22. Rxb7 Rg8 23. Rf1 Rg1 24. Rb5 Qa7 25. f4 Nf6 26. Rb8+ Kd7 27.
Rb7+ Qxb7 28. Rxg1 Qb6 29. Rg3 Rxc3 30. Qxc3 Nxe4 31. Qxc4 Qf2+ 0-1

[Event "VI Scaccomatto A"]
[Site "Torino ITA"]
[Date "2008.12.04"]
[Round "4"]
[White "Dgebuadze, Alexandre"]
[Black "Vernay, Clovis"]
[Result "1/2-1/2"]
[WhiteElo "2544"]
[BlackElo "2341"]
[PlyCount "59"]
[EventDate "2008.12.01"]

1. e4 e6 2. d3 d5 3. Qe2 Nc6 4. Nf3 e5 5. c3 Nf6 6. g3 Bg4 7. Bg2 Be7 8. Nbd2
O-O 9. h3 Bh5 10. Nf1 dxe4 11. dxe4 Nd7 12. g4 Bg6 13. Ng3 Nc5 14. O-O Qd3 15.
Qxd3 Nxd3 16. b4 Rfd8 17. Be3 f6 18. Rfd1 Nb2 19. Rxd8+ Rxd8 20. Nd2 b5 21. Bf1
a6 22. Nf5 Bf8 23. Nb3 Na4 24. Rc1 Bf7 25. h4 Nb2 26. Bc5 Rd1 27. Bxf8 Kxf8 28.
Ne3 Rxc1 29. Nxc1 Na4 30. Nd1 1/2-1/2

[Event "VI Scaccomatto A"]
[Site "Torino ITA"]
[Date "2008.12.04"]
[Round "4"]
[White "Foisor, Ovidiu-Doru"]
[Black "Vocaturo, Daniele"]
[Result "1/2-1/2"]
[WhiteElo "2408"]
[BlackElo "2383"]
[PlyCount "60"]
[EventDate "2008.12.01"]

1. d4 Nf6 2. c4 g6 3. Nc3 Bg7 4. Nf3 O-O 5. g3 d6 6. Bg2 Nbd7 7. O-O e5 8. e3
Re8 9. a4 a5 10. b3 exd4 11. exd4 Nf8 12. Ra2 c6 13. d5 c5 14. Nb5 Ne4 15. Nd2
Nc3 16. Nxc3 Bxc3 17. Ne4 Be5 18. Re1 Bf5 19. Rae2 Bxe4 20. Rxe4 Qd7 21. Qe2 f5
22. Re3 Kf7 23. Kf1 h6 24. f4 Bc3 25. Rxe8 Rxe8 26. Qxe8+ Qxe8 27. Rxe8 Kxe8
28. h3 Kf7 29. Ke2 Nd7 30. g4 Nf6 1/2-1/2

[Event "VI Scaccomatto A"]
[Site "Torino ITA"]
[Date "2008.12.04"]
[Round "4"]
[White "Mogranzini, Roberto"]
[Black "Hera, Imre jr"]
[Result "1/2-1/2"]
[WhiteElo "2415"]
[BlackElo "2530"]
[PlyCount "41"]
[EventDate "2008.12.01"]

1. e4 c6 2. d4 d5 3. e5 Bf5 4. Nf3 e6 5. Be2 Nd7 6. O-O Bg6 7. Nbd2 Nh6 8. c3
Nf5 9. Ne1 c5 10. Ndf3 Be7 11. Nd3 cxd4 12. cxd4 Bh5 13. Nf4 Bg4 14. h3 Bxf3
15. Bxf3 Qb6 16. Bg4 Nh4 17. Be3 Ng6 18. Nd3 O-O 19. f4 f5 20. Be2 Rac8 21. Qa4
1/2-1/2

[Event "VI Scaccomatto A"]
[Site "Torino ITA"]
[Date "2008.12.04"]
[Round "4"]
[White "Naumkin, Igor"]
[Black "Sarno, Spartaco"]
[Result "1/2-1/2"]
[WhiteElo "2506"]
[BlackElo "2336"]
[PlyCount "113"]
[EventDate "2008.12.01"]

1. d4 Nf6 2. c4 g6 3. Nc3 Bg7 4. e4 d6 5. Nf3 O-O 6. Be2 e5 7. d5 a5 8. Bg5 h6
9. Bh4 Na6 10. Nd2 Qe8 11. O-O Nh7 12. a3 Bd7 13. b3 h5 14. f3 Bf6 15. Bf2 Qe7
16. Rb1 Bg5 17. b4 Bf4 18. g3 Bh6 19. Kh1 f5 20. exf5 gxf5 21. f4 exf4 22. gxf4
Bxf4 23. Rg1+ Kh8 24. Nf3 Rg8 25. Nh4 Be5 26. Qd3 Qf6 27. Bxh5 Qh6 28. Bf7 Rg4
29. Rxg4 fxg4 30. Ng6+ Kg7 31. Nxe5 dxe5 32. Be3 Ng5 33. Qd2 Kxf7 34. Rf1+ Kg6
35. Rf6+ Kxf6 36. Bxg5+ Qxg5 37. Ne4+ Kf5 38. Nxg5 axb4 39. axb4 c5 40. bxc5
Nxc5 41. Qf2+ Kxg5 42. Qxc5 Bf5 43. Kg2 Rh8 44. Qe3+ Kf6 45. Qb6+ Kg5 46. Qxb7
Kf4 47. Qb2 Be4+ 48. Kg1 g3 49. hxg3+ Ke3 50. Qa3+ Ke2 51. Qa2+ Ke3 52. Qa7+
Ke2 53. Qf2+ Kd3 54. Qf1+ Ke3 55. Qe1+ Kd3 56. Qf1+ Ke3 57. Qe1+ 1/2-1/2

[Event "VI Scaccomatto A"]
[Site "Torino ITA"]
[Date "2008.12.05"]
[Round "5"]
[White "Dgebuadze, Alexandre"]
[Black "Trabert, Bettina"]
[Result "1-0"]
[WhiteElo "2544"]
[BlackElo "2289"]
[PlyCount "121"]
[EventDate "2008.12.01"]

1. e4 e5 2. Nf3 Nc6 3. Bb5 a6 4. Ba4 Nf6 5. O-O Be7 6. Re1 b5 7. Bb3 d6 8. c3
O-O 9. h3 Nb8 10. d4 Nbd7 11. Nbd2 Bb7 12. Bc2 Re8 13. Nf1 g6 14. Ng3 Bf8 15.
a4 c5 16. d5 c4 17. Bg5 h6 18. Be3 Nc5 19. Qd2 h5 20. Bg5 Be7 21. Ra3 Nh7 22.
Be3 Qc7 23. Rea1 Bf6 24. Qd1 Rec8 25. R1a2 Nf8 26. Qa1 Qd8 27. Nf1 Nfd7 28.
N1d2 Nb6 29. axb5 axb5 30. Ra7 Rcb8 31. R2a5 Rxa7 32. Rxa7 Nbd7 33. Nb1 Qb6 34.
Nfd2 Bc8 35. Qa3 Rb7 36. Ra8 Rb8 37. b4 cxb3 38. Nxb3 Rxa8 39. Qxa8 Qb7 40.
Qxb7 Bxb7 41. Na5 Ba6 42. Nc6 Na4 43. Nb4 Bc8 44. c4 Nab6 45. cxb5 Nc4 46. Bc1
Kf8 47. Nc6 Ke8 48. Nd2 Nxd2 49. Bxd2 Bd8 50. Nxd8 Kxd8 51. Ba5+ Ke7 52. h4 Nc5
53. Bb4 Nb7 54. Bd3 f5 55. f3 Nd8 56. Kf2 f4 57. b6 Nb7 58. Bb5 Kf6 59. Ba6 g5
60. hxg5+ Kxg5 61. Bxd6 1-0

[Event "VI Scaccomatto A"]
[Site "Torino ITA"]
[Date "2008.12.05"]
[Round "5"]
[White "Hera, Imre jr"]
[Black "Midoux, Sebastien"]
[Result "1-0"]
[WhiteElo "2530"]
[BlackElo "2346"]
[PlyCount "69"]
[EventDate "2008.12.01"]

1. Nf3 Nf6 2. c4 g6 3. Nc3 d5 4. cxd5 Nxd5 5. Qa4+ Bd7 6. Qh4 Nxc3 7. Qd4 f6 8.
Qxc3 Nc6 9. e3 e5 10. Be2 Bd6 11. O-O Qe7 12. d3 O-O-O 13. a3 g5 14. Nd2 g4 15.
b4 Rdg8 16. Nc4 Kb8 17. b5 Nd8 18. a4 Nf7 19. Nxd6 cxd6 20. Qb4 h5 21. f4 gxf3
22. Bxf3 Bg4 23. Bd5 Be6 24. Qb3 Re8 25. Ra2 Bxd5 26. Qxd5 Qe6 27. e4 Qxd5 28.
exd5 e4 29. Rxf6 Rh7 30. d4 Rc8 31. Bf4 Rc4 32. Re6 Kc8 33. Rxe4 Kd7 34. Rae2
Kc7 35. a5 1-0

[Event "VI Scaccomatto A"]
[Site "Torino ITA"]
[Date "2008.12.05"]
[Round "5"]
[White "Mrdja, Milan"]
[Black "Vocaturo, Daniele"]
[Result "1/2-1/2"]
[WhiteElo "2401"]
[BlackElo "2383"]
[PlyCount "58"]
[EventDate "2008.12.01"]

1. e4 e5 2. Nf3 Nc6 3. Bb5 a6 4. Ba4 Nf6 5. O-O Nxe4 6. d4 b5 7. Bb3 d5 8. dxe5
Be6 9. Qe2 Be7 10. Rd1 O-O 11. c4 bxc4 12. Bxc4 Bc5 13. Be3 Bxe3 14. Qxe3 Qb8
15. Bb3 Na5 16. Nbd2 Qa7 17. Rac1 Qxe3 18. fxe3 c5 19. Nxe4 Nxb3 20. axb3 dxe4
21. Nd2 Rab8 22. Nxe4 Rxb3 23. Nxc5 Rxe3 24. Re1 Rxe1+ 25. Rxe1 Rb8 26. Rd1 Kf8
27. Rd6 Rxb2 28. Nxe6+ fxe6 29. Rxe6 Rb5 1/2-1/2

[Event "VI Scaccomatto A"]
[Site "Torino ITA"]
[Date "2008.12.05"]
[Round "5"]
[White "Parodi, Alessandro"]
[Black "Pienabarca, Nicola"]
[Result "1-0"]
[WhiteElo "2074"]
[BlackElo "2102"]
[PlyCount "61"]
[EventDate "2008.12.01"]

1. d4 Nf6 2. c4 g6 3. Nc3 d5 4. h4 c5 5. dxc5 d4 6. Nb5 Nc6 7. e3 e5 8. exd4
Nxd4 9. b4 a5 10. Bg5 Be7 11. Nxd4 Qxd4 12. Qxd4 exd4 13. b5 Ne4 14. Bxe7 Kxe7
15. Nf3 Rd8 16. c6 bxc6 17. Ne5 Kf6 18. Nxc6 Re8 19. Rg1 Ng3+ 20. Kd2 Ne4+ 21.
Kc2 Nxf2 22. Bd3 Nxd3 23. Kxd3 Bf5+ 24. Kxd4 Re4+ 25. Kc5 Bd7 26. Rad1 Be8 27.
Rd6+ Kg7 28. Rgd1 Rc8 29. b6 Bxc6 30. Rxc6 Re5+ 31. Rd5 1-0

[Event "VI Scaccomatto A"]
[Site "Torino ITA"]
[Date "2008.12.05"]
[Round "5"]
[White "Vernay, Clovis"]
[Black "Naumkin, Igor"]
[Result "0-1"]
[WhiteElo "2341"]
[BlackElo "2506"]
[PlyCount "70"]
[EventDate "2008.12.01"]

1. d4 Nf6 2. c4 e6 3. Nf3 b6 4. g3 Bb7 5. Bg2 Be7 6. O-O O-O 7. d5 exd5 8. Nh4
c6 9. cxd5 Nxd5 10. Nf5 Nc7 11. Nc3 d5 12. e4 Bf6 13. Bf4 Bc8 14. Rc1 Nba6 15.
g4 Be6 16. e5 Be7 17. Qe2 Qd7 18. Nxe7+ Qxe7 19. Bg3 Qd7 20. h3 Rae8 21. f4 f5
22. exf6 gxf6 23. f5 Bxf5 24. Qd2 Bg6 25. Ne2 Be4 26. Bxe4 Rxe4 27. Nd4 Nc5 28.
b4 N5e6 29. Nxc6 Ng5 30. Nb8 Nxh3+ 31. Kh1 Qxg4 32. Bxc7 Ng5 33. Bh2 Re2 34.
Qxd5+ Kh8 35. Rce1 Qh3 0-1

[Event "VI Scaccomatto A"]
[Site "Torino ITA"]
[Date "2008.12.06"]
[Round "6"]
[White "Borgo, Giulio"]
[Black "Mrdja, Milan"]
[Result "1/2-1/2"]
[WhiteElo "2426"]
[BlackElo "2401"]
[PlyCount "28"]
[EventDate "2008.12.01"]

1. Nf3 Nf6 2. c4 g6 3. b3 Bg7 4. Bb2 O-O 5. g3 d6 6. d4 e5 7. dxe5 Ng4 8. Nc3
Nxe5 9. Bg2 Nxf3+ 10. Bxf3 Nc6 11. O-O Ne5 12. Bg2 Bd7 13. Qd2 Bc6 14. e4 a5
1/2-1/2

[Event "VI Scaccomatto A"]
[Site "Torino ITA"]
[Date "2008.12.06"]
[Round "6"]
[White "Foisor, Ovidiu-Doru"]
[Black "Dgebuadze, Alexandre"]
[Result "1/2-1/2"]
[WhiteElo "2408"]
[BlackElo "2544"]
[PlyCount "89"]
[EventDate "2008.12.01"]

1. Nf3 b6 2. g3 Bb7 3. Bg2 e6 4. O-O Be7 5. c4 g5 6. e4 Bxe4 7. Nc3 Bxf3 8.
Qxf3 Nc6 9. d4 Rc8 10. Rd1 Bf6 11. Ne4 h6 12. d5 Ne5 13. Qe2 d6 14. f4 gxf4 15.
Bxf4 Ng6 16. dxe6 Nxf4 17. exf7+ Kxf7 18. gxf4 Qe7 19. Rd3 Re8 20. Rf1 Bg7 21.
Qh5+ Kf8 22. Qb5 Nf6 23. Ng3 Qe6 24. Bc6 Re7 25. Kh1 h5 26. Bd5 Nxd5 27. cxd5
Qg4 28. Rd2 h4 29. Ne2 Rg8 30. Qd3 Bf6 31. Rg1 Qh5 32. Rxg8+ Kxg8 33. Ng1 Re1
34. Rg2+ Kf8 35. Qh3 Qxd5 36. Qc8+ Re8 37. Qxc7 h3 38. Nxh3 Re1+ 39. Ng1 a5 40.
Qxb6 Rb1 41. Qb8+ Ke7 42. Qc7+ Ke8 43. Qc8+ Ke7 44. Qc7+ Ke8 45. Qc8+ 1/2-1/2

[Event "VI Scaccomatto A"]
[Site "Torino ITA"]
[Date "2008.12.06"]
[Round "6"]
[White "Naumkin, Igor"]
[Black "Vuelban, Virgilio"]
[Result "0-1"]
[WhiteElo "2506"]
[BlackElo "2390"]
[PlyCount "80"]
[EventDate "2008.12.01"]

1. d4 Nf6 2. c4 e6 3. Nf3 b6 4. g3 Ba6 5. b3 d5 6. Bg2 dxc4 7. Ne5 Bb4+ 8. Kf1
c6 9. bxc4 Bb7 10. Bb2 O-O 11. Nd2 Qc7 12. Nd3 Bxd2 13. Qxd2 Nbd7 14. e4 c5 15.
d5 exd5 16. cxd5 Rfe8 17. Re1 c4 18. Nf4 Rac8 19. Bc3 Rcd8 20. g4 Ne5 21. g5
Nfd7 22. Nh5 g6 23. Nf6+ Nxf6 24. gxf6 Qd6 25. h4 h5 26. Re3 b5 27. Rg3 Kh7 28.
Rg5 Nd3 29. Rxh5+ gxh5 30. Qg5 Qf8 31. Qf5+ Kg8 32. Qg5+ Kh7 33. Qxh5+ Qh6 34.
Qxf7+ Kh8 35. Qxe8+ Rxe8 36. f7+ Re5 37. Rh3 Qc1+ 38. Ke2 Qc2+ 39. Bd2 Kg7 40.
Rf3 Rxe4+ 0-1

[Event "VI Scaccomatto A"]
[Site "Torino ITA"]
[Date "2008.12.06"]
[Round "7"]
[White "Mrdja, Milan"]
[Black "Foisor, Cristina-Adela"]
[Result "0-1"]
[WhiteElo "2401"]
[BlackElo "2365"]
[PlyCount "63"]
[EventDate "2008.12.01"]

1. e4 c6 2. d3 d5 3. Nd2 g6 4. Ngf3 Bg7 5. g3 dxe4 6. dxe4 b6 7. h3 Nf6 8. Bg2
Ba6 9. c4 O-O 10. O-O Nfd7 11. Qc2 Nc5 12. Ne1 Nbd7 13. Nb3 Ne5 14. Bf4 Bxc4
15. Nxc5 Bxf1 16. Bxe5 Bxe5 17. Rd1 Qc8 18. Nd7 Bxg2 19. Kxg2 Bg7 20. Nxf8 Kxf8
21. Rc1 c5 22. b4 Bd4 23. bxc5 bxc5 24. Nd3 Qe6 25. Nxc5 Bxc5 26. Qxc5 Qxe4+
27. Kh2 f6 28. Rc4 Qe6 29. Ra4 a6 30. Qa3 Qb6 31. Qf3 Rd8 32. Qe2 0-1

[Event "VI Scaccomatto A"]
[Site "Torino ITA"]
[Date "2008.12.06"]
[Round "7"]
[White "Rombaldoni, Axel"]
[Black "Gallucci, Alessio"]
[Result "0-1"]
[WhiteElo "2334"]
[BlackElo "2197"]
[PlyCount "104"]
[EventDate "2008.12.01"]

1. e4 c5 2. Nf3 d6 3. d4 cxd4 4. Nxd4 Nf6 5. Nc3 g6 6. g3 Bg7 7. Bg2 O-O 8. O-O
Bg4 9. Nde2 Qc8 10. Re1 Nc6 11. f3 Bh3 12. Nf4 Bxg2 13. Kxg2 Rd8 14. Ncd5 e6
15. Ne3 b5 16. a4 a6 17. c4 Ne5 18. cxb5 axb5 19. a5 Qb7 20. Qb3 Nxf3 21. Kxf3
Nxe4 22. Ke2 d5 23. Ng4 Nc5 24. Qc2 Rac8 25. Kf1 d4 26. Qg2 Qd7 27. Bd2 Nb3 28.
Ra3 Nc5 29. Nd3 b4 30. Nxb4 Qb5+ 31. Kg1 f5 32. Ne5 Ne4 33. Ned3 Nxd2 34. Qxd2
e5 35. Qd1 e4 36. Qb3+ Kh8 37. Nf4 d3 38. Ne6 d2 39. Rd1 Qe2 40. Raa1 Bh6 41.
Nf4 Bxf4 42. gxf4 e3 43. Qe6 Qf2+ 44. Kh1 Qf3+ 45. Kg1 Qf2+ 46. Kh1 Qf3+ 47.
Kg1 Re8 48. Qb6 Rcd8 49. Qc6 Qf2+ 50. Kh1 e2 51. Qc3+ Rd4 52. Nc2 e1=Q+ 0-1